Pri nákupe potravín značka príliš nerozhoduje

Rozhodujúce faktory pri nakupovaní potravín - kvalita, cena, pôvod, značka.

Gespeichert in:
Bibliographische Detailangaben
1. Verfasser: Košťál, Daniel
Format: Buchkapitel
Sprache:Slowakisch
Schlagworte:
Tags: Tag hinzufügen
Keine Tags, Fügen Sie das erste Tag hinzu!

MARC

LEADER 00000naa a2200000 4500
001 0181425
005 20231208065853.0
041 0 |a slo 
044 |a SK 
245 1 0 |a Pri nákupe potravín značka príliš nerozhoduje  |c Daniel Košťál 
520 |a Rozhodujúce faktory pri nakupovaní potravín - kvalita, cena, pôvod, značka. 
610 2 0 |a potraviny 
610 2 0 |a nákup 
610 2 0 |a správanie spotrebiteľa 
610 2 0 |a rozhodovanie nákupné 
610 2 0 |a ceny nákupné 
100 1 |a Košťál, Daniel